MARC details
| 000 -LEADER |
| fixed length control field |
01286nam a2200349 a 4500 |
| 001 - CONTROL NUMBER |
| control field |
vtls000183568 |
| 003 - CONTROL NUMBER IDENTIFIER |
| control field |
NLI |
| 005 - DATE AND TIME OF LATEST TRANSACTION |
| control field |
20210602111200.0 |
| 008 - FIXED-LENGTH DATA ELEMENTS--GENERAL INFORMATION |
| fixed length control field |
101125s2004 enka 001 0 eng |
| 020 ## - INTERNATIONAL STANDARD BOOK NUMBER |
| International Standard Book Number |
1843767996 : |
| Terms of availability |
PND 69.95 |
| 039 #9 - LEVEL OF BIBLIOGRAPHIC CONTROL AND CODING DETAIL [OBSOLETE] |
| -- |
201011252213 |
| -- |
VLOAD |
| 040 ## - CATALOGING SOURCE |
| Original cataloging agency |
NLI |
| Language of cataloging |
eng |
| Transcribing agency |
Datasoft 1 |
| Description conventions |
AACR2 |
| 041 0# - LANGUAGE CODE |
| Language code of text/sound track or separate title |
eng |
| 044 ## - COUNTRY OF PUBLISHING/PRODUCING ENTITY CODE |
| MARC country code |
enk |
| 082 04 - DEWEY DECIMAL CLASSIFICATION NUMBER |
| Classification number |
338.064 |
| 100 1# - MAIN ENTRY--PERSONAL NAME |
| Personal name |
Huber, Joseph, |
| Dates associated with a name |
1948- |
| 9 (RLIN) |
358575 |
| 245 10 - TITLE STATEMENT |
| Title |
New technologies and environmental innovation / |
| Statement of responsibility, etc. |
Joseph Huber |
| 260 ## - PUBLICATION, DISTRIBUTION, ETC. |
| Place of publication, distribution, etc. |
Cheltenham, Eng. : |
| Name of publisher, distributor, etc. |
Edward Elgar, |
| Date of publication, distribution, etc. |
c2004 |
| 300 ## - PHYSICAL DESCRIPTION |
| Extent |
x, 365 p. : |
| Other physical details |
ill. ; |
| Dimensions |
24 cm. |
| 504 ## - BIBLIOGRAPHY, ETC. NOTE |
| Bibliography, etc. note |
Includes bibliographical references and index |
| 650 #0 - SUBJECT ADDED ENTRY--TOPICAL TERM |
| Topical term or geographic name entry element |
Technological innovations |
| General subdivision |
Economic aspects |
| 9 (RLIN) |
71689 |
| 650 #0 - SUBJECT ADDED ENTRY--TOPICAL TERM |
| Topical term or geographic name entry element |
Technological innovations |
| General subdivision |
Environmental aspects |
| 9 (RLIN) |
340234 |
| 650 #0 - SUBJECT ADDED ENTRY--TOPICAL TERM |
| Topical term or geographic name entry element |
Green technology |
| General subdivision |
Technological innovations |
| 9 (RLIN) |
358576 |
| 650 #0 - SUBJECT ADDED ENTRY--TOPICAL TERM |
| Topical term or geographic name entry element |
New products |
| General subdivision |
Environmental aspects |
| 9 (RLIN) |
75529 |
| 650 #0 - SUBJECT ADDED ENTRY--TOPICAL TERM |
| Topical term or geographic name entry element |
Product life cycle |
| General subdivision |
Environmental aspects |
| 9 (RLIN) |
358577 |
| 887 ## - NON-MARC INFORMATION FIELD |
| Content of non-MARC field |
|
| 901 ## - LOCAL DATA ELEMENT A, LDA (RLIN) |
| a |
548899 |
| b |
23.11.2004 |
| 902 ## - LOCAL DATA ELEMENT B, LDB (RLIN) |
| a |
E 338.064 H 862 |
| 942 ## - ADDED ENTRY ELEMENTS (KOHA) |
| Source of classification or shelving scheme |
Dewey Decimal Classification |
| Koha item type |
Books |
| 949 ## - LOCAL PROCESSING INFORMATION (OCLC) |
| -- |
VIRTUAITEM |
| -- |
10000 |
| -- |
100 |
| 6 |
PUR000548899ENG |